Statistics for United Kingdom Immigration by Country

Click here to take the quiz!

General Stats

  • This quiz has been taken 77,892 times
    (16,685 since last reset)
  • The average score is 15 of 20

Answer Stats

PopulationCountry% Correct
847 kIndia
96%
168 kUnited States
96%
169 kFrance
96%
310 kGermany
93%
159 kSpain
93%
211 kChina
92%
519 kPakistan
89%
240 kItaly
87%
746 kPoland
87%
155 kAustralia
87%
364 kIreland
86%
175 kPortugal
80%
229 kSouth Africa
75%
251 kBangladesh
71%
219 kNigeria
66%
370 kRomania
62%
167 kPhilippines
48%
122 kBulgaria
48%
141 kLithuania
30%
121 kZimbabwe
22%

Score Distribution

Percentile by Number Answered

Percent of People with Each Score

Your Score History

You have not taken this quiz since the last reset